000
00289nam a2200121 a 4500
008
100920s1964|||| d
245
1
0
_a
Temná obloha
100
1
_a
Egri, Viktor
260
_b
Slovenský spisovateľ
_a
Bratislava
_c
1964
020
_c
14,50
044
_a
xo
_c
SK
041
_a
slo
999
_c
10511
_d
10511